Szyfrowanie Słowa - Miasta USA - Statystyki

Ogólne statystyki
  • Ten quiz został rozwiązany 236 razy
  • Średni wynik to 5 z 15
Statystyki odpowiedzi
Miasto % Poprawnych
Chicago
79%
Atlanta
71%
Filadelfia
71%
Miami
70%
Phoenix
68%
Dallas
67%
Denver
62%
Boston
53%
Birmingham
50%
Tampa
50%
Cincinnati
47%
Omaha
47%
Orlando
47%
Mesa
44%
Pittsburgh
35%
Milwaukee
32%
Washington
31%
Detroit
30%
Houston
29%
Gary
28%
Mesa
27%
Dover
25%
Minneapolis
25%
Nashville
25%
Seattle
24%
Indianapolis
23%
Sacramento
15%
Jackson
14%
Jacksonville
14%
Flint
13%
Baltimore
12%
Fargo
10%
Albany
9%
Wichita
9%
Boulder
8%
Cleveland
7%
Austin
6%
Portland
6%
Tallahassee
6%
Tacoma
5%
Newark
0%
Raleigh
0%
Richmond
0%
Rochester
0%
Nie znaleziono quizów pasujących do podanych kryteriów
Rozkład punktacji
Procent ludzi z każdym wynikiem
Percentyl według liczby udzielonych odpowiedzi
Twoja historia wyników
Nie rozwiązałeś tego quizu